| 000 | 00775nam a2200253Ia 4500 | ||
|---|---|---|---|
| 003 | OSt | ||
| 005 | 20220918222331.0 | ||
| 006 | a|||||r|||| 00| 0 | ||
| 007 | ta | ||
| 008 | 220917b |||||||| |||| 00| 0 eng d | ||
| 024 | _a216,459 | ||
| 037 | _cTextual | ||
| 040 |
_aARTS _cARTS _beng |
||
| 041 |
_2eng _aeng |
||
| 082 | _aT:3:(X:9), P0 | ||
| 100 |
_aHira D.S. Ed. _9142815 |
||
| 245 | 0 | _aHuman values technical education and human resource development | |
| 260 |
_aLongowal(Punjab) _bSant Longowal institute of Engineering and technology _c2000 |
||
| 300 |
_a114p _ccm. |
||
| 650 |
_aTEACHING; EDUCATION _94297 |
||
| 700 |
_a Mahesh Kumar Ed. _9142816 |
||
| 942 |
_hT:3:(X:9), P0 _cTEXL _2CC |
||
| 999 |
_c275197 _d275197 |
||